000 01455cam a22003977a 4500
003 CHAP
005 20250819114507.0
008 990818d1999 mx r 00110 spa d
010 _a78771
011 _a79743
035 _a90138
040 _cCHAP
090 _aTesis
100 1 0 _aTlapa Rangel, Coatlicue Claudia
_9113463
245 1 0 _aEvaluación de daños por frío y producción de etanol en aguacate (Persea americana Mill) CV. Hass
_c/por Coatlicue Claudia Tlapa Rangel
260 _aChapingo, Méx. :
_bEl autor,
_c1999.
300 _a74 h.
502 _aTesis (Ing. Agroindustrial) -- UACH. Departamento de Ingeniería Agroindustrial
590 _aALEPH
_b10
_c20130110
_lUCH01
_h1430
590 _aBATCH-UPD
_b10
_c20130109
_lUCH01
_h2345
590 _aBATCH-UPD
_b10
_c20130110
_lUCH01
_h0658
590 _aBATCH-UPD
_b10
_c20130409
_lUCH01
_h1915
590 _aBATCH-UPD
_b10
_c20130410
_lUCH01
_h0343
590 _aBATCH-UPD
_b10
_c20130913
_lUCH01
_h2305
590 _aCONVERSION
_b10
_c20130109
_lUCH01
_h1344
650 1 4 _aAguacate
_xConservación por frío.
_92500
650 1 4 _aAguacate
_xVariedades.
_92559
650 1 4 _aEtanol.
_938579
650 1 4 _aFrío
_xEfecto en aguacate.
_943525
901 _aBK
905 _aLilia Sánchez G.
942 _cFOLL
949 _bBC
_cTES
_d33724000716478
_eTS2
_fc.2
_h34174
_i90138
_si
949 _bBC
_cTES
_d33724000763223
_eTS2
_fc.3
_h35999
_i90138
_si
949 _bBC
_cTES
_d901381
_eTS1
_h34173
_i90138
_sb
999 _c78771
_d78771